000 00703nam a22002417a 4500
003 UA-OsUOA
001 23196
007 ta
008 20040114b un ||||| |||| 00| 0 ukr d
090 _a264-1
_bВ27
942 _cBK
040 _aUA-OsUOA
_brus
_cUA-OsUOA
_dUA-OsUOA
245 _aВеликий Октоих. В трёх частях
_bЧасослов, Воскресный Октоих и Общая Минея
300 _a590 с.
955 _a0
041 _arus
080 _a264-1
260 _aМукачево
_bМукачевско-Ужгородская православная Епархия
_c1992
246 3 1 _aЧ. 1
_n
044 _aUA
650 7 _2UDC
999 _c309439
_d309439